World Capital Quiz - Wellington - Statistics

General Stats
  • This quiz has been taken 32 times
  • The average score is 8 of 18
Answer Stats
clue answer % Correct
NZ's previous capital, until 1865 Auckland
100%
Nearest world capital Canberra
97%
Its Wellington-born director, who won an Oscar for it Peter Jackson
70%
Wellington is named after Arthur Wellesley, the... {Duke} of Wellington
67%
The city's university, named after a sovereign {Victoria} University
60%
The world's most ____ capital [think weather] windy
60%
The inter-island ferry crosses this gap between North and South Islands {Cook} Strait
53%
The nickname of Parliament's executive wing (pictured) The {Beehive}
53%
... and travels to this South Island town Picton
47%
Company that produced special effects for Lord of the Rings {Weta} Workshop
43%
National museum Te {Papa}
37%
Wellingtonians Bret McKenzie and Jemaine Clement, better known as... {Flight} of the {Conchords}
30%
... with this island in the middle, formerly a quarantine station {Somes} Island
23%
One of NZ's most influential authors, who died from TB in 1923 aged 34 Katherine {Mansfield}
20%
Wellington's harbour... Port {Nicholson}
20%
Wellington's Maori name Te {Whanganui}-a-Tara
20%
Nickname of Wellington Regional Stadium (aka Sky Stadium) The {Cake} {Tin}
20%
In which English county is Wellington? Somerset
7%
No matching quizzes found
Score Distribution
Percent of People with Each Score
Percentile by Number Answered
Your Score History
You have not taken this quiz